[Event "14. Lichtenberger Sommer"]
[Site "14. Lichtenberger Sommer"]
[Date "2015.08.21"]
[Round "7.97"]
[White "Koerber, Bernhard"]
[Black "Reck, Jessica"]
[Result "0-1"]
[WhiteElo "1603"]
[BlackElo "1655"]
[PlyCount "56"]
[EventDate "2015.??.??"]
[WhiteTeam "Lasker Steglitz-Wilmersdorf"]
[BlackTeam "VfB Hermsdorf"]

1. e4 g6 2. d4 Bg7 3. f4 d5 4. e5 Nh6 5. c4 c6 6. Bd3 O-O 7. Nf3 Bg4 8. O-O e6
9. Nc3 Nd7 10. h3 Bxf3 11. Qxf3 f6 12. Qg3 Qe8 13. Bd2 Rd8 14. Ne2 dxc4 15.
Bxc4 Nb6 16. Qb3 Nxc4 17. Qxc4 Qd7 18. g4 Nf7 19. Rf3 fxe5 20. Bb4 b5 21. Qc3
exd4 22. Qd3 Rfe8 23. Rd1 e5 24. Re3 Qc7 25. Re4 c5 26. Rc1 c4 27. Qf3 a5 28.
Be1 Nd6 0-1

[Event "14. Lichtenberger Sommer"]
[Site "14. Lichtenberger Sommer"]
[Date "2015.08.21"]
[Round "7.98"]
[White "Günther, Boris"]
[Black "Bartoszewski-Reiski, Olaf"]
[Result "1-0"]
[WhiteElo "1626"]
[BlackElo "1383"]
[PlyCount "75"]
[EventDate "2015.??.??"]
[WhiteTeam "SF Friedrichshagen"]
[BlackTeam "BKS Chemik Bydgoszcz"]

1. e4 c5 2. Nf3 e6 3. d4 cxd4 4. Nxd4 Nf6 5. Qd3 Nc6 6. c3 Be7 7. Be2 d5 8.
Nxc6 bxc6 9. e5 Nd7 10. f4 Qb6 11. Nd2 a5 12. Qg3 Rg8 13. Bd3 g6 14. f5 Ba6 15.
Bxa6 Qxa6 16. fxe6 fxe6 17. Nf3 Nc5 18. b3 Nd3+ 19. Kd2 Nxc1 20. Raxc1 c5 21.
Qh3 Rg7 22. c4 dxc4 23. Rxc4 Rd8+ 24. Kc2 a4 25. Nd2 axb3+ 26. Qxb3 Bg5 27. Ne4
Be7 28. Rb1 Kf8 29. a4 Rf7 30. Qb5 Qxb5 31. Rxb5 Rd5 32. a5 Kg7 33. a6 Rf8 34.
Rb7 Re8 35. a7 Rdd8 36. Nd6 Rf8 37. Rxe7+ Kg8 38. Rxc5 1-0

[Event "14. Lichtenberger Sommer"]
[Site "14. Lichtenberger Sommer"]
[Date "2015.08.21"]
[Round "7.99"]
[White "Stoffel, Patrick"]
[Black "Hesselbarth, Karlheinz"]
[Result "0-1"]
[WhiteElo "1310"]
[BlackElo "1732"]
[PlyCount "120"]
[EventDate "2015.??.??"]
[WhiteTeam "vereinslos"]
[BlackTeam "SC Zugzwang 95 (Berlin)"]

1. e4 c5 2. Nf3 e6 3. d4 cxd4 4. Nxd4 Nf6 5. Nc3 Bb4 6. e5 Nd5 7. Qg4 Kf8 8.
Qg3 Nc6 9. Ndb5 a6 10. Nd6 Qa5 11. Bd2 Bxc3 12. bxc3 Qc7 13. Be2 Nde7 14. Bd3
Nf5 15. Bxf5 exf5 16. Qg5 g6 17. Qh6+ Kg8 18. f4 Qd8 19. O-O Qf8 20. Qg5 Qe7
21. Qg3 Qe6 22. Kh1 h6 23. Qe3 Kg7 24. Be1 Kh7 25. Rf3 b5 26. Rh3 Ne7 27. Bh4
Nd5 28. Qg3 Rb8 29. Re1 Bb7 30. Nxb7 Rxb7 31. Bf6 Nxf6 32. exf6 Qxf6 33. Qe3
Rc7 34. Qd2 Rhc8 35. Ree3 b4 36. Qe1 Rxc3 37. Rxc3 Rxc3 38. Rxc3 bxc3 39. Qe3
Qd6 40. h3 Qd2 41. Qe8 Qc1+ 42. Kh2 Qxf4+ 43. Kg1 Qd4+ 44. Kh2 Qd6+ 45. Kh1 Qe6
46. Qc8 Qe1+ 47. Kh2 Qe5+ 48. Kh1 Qe1+ 49. Kh2 Qd2 50. Qe8 Qd6+ 51. Kh1 Kg7 52.
Qc8 Qd1+ 53. Kh2 Qxc2 54. Qxa6 Qe4 55. Qa5 c2 56. Qc3+ f6 57. Qd2 d5 58. Qc1 g5
59. Kh1 d4 60. Qa3 Qe1+ 0-1

[Event "14. Lichtenberger Sommer"]
[Site "14. Lichtenberger Sommer"]
[Date "2015.08.21"]
[Round "7.100"]
[White "Schröder, Ralf"]
[Black "Gnaß, Erhard"]
[Result "0-1"]
[WhiteElo "1672"]
[BlackElo "1510"]
[PlyCount "36"]
[EventDate "2015.??.??"]
[WhiteTeam "Potsdamer SV Mitte e.V."]
[BlackTeam "SK Zehlendorf"]

1. b4 e5 2. Bb2 d6 3. Nf3 Nf6 4. e3 g6 5. c4 Bg7 6. Be2 O-O 7. O-O Nbd7 8. Nc3
Re8 9. d4 e4 10. Nd2 Nf8 11. Re1 b6 12. d5 Bd7 13. b5 Qc8 14. f4 exf3 15. Bxf3
Ng4 16. Nf1 Ne5 17. Rb1 Nxc4 18. a4 Nxb2 0-1

[Event "14. Lichtenberger Sommer"]
[Site "14. Lichtenberger Sommer"]
[Date "2015.08.21"]
[Round "7.101"]
[White "Schmole-Rostosky, Joachim"]
[Black "Ollek, Karl-Heinz"]
[Result "0-1"]
[WhiteElo "1598"]
[BlackElo "1726"]
[PlyCount "80"]
[EventDate "2015.??.??"]
[WhiteTeam "SF SW Merzhausen"]
[BlackTeam "SC Friesen Lichtenberg"]

1. e4 g6 2. Nf3 Bg7 3. Bc4 d6 4. d3 Nc6 5. Nc3 Nf6 6. h3 O-O 7. Be3 e5 8. Qd2
Na5 9. Bb3 c6 10. a4 Nxb3 11. cxb3 d5 12. Bh6 d4 13. Ne2 Re8 14. Bxg7 Kxg7 15.
Ng3 Ng8 16. O-O Qf6 17. Rfc1 b6 18. Qg5 Qxg5 19. Nxg5 h6 20. Nf3 Bd7 21. a5 f6
22. Nd2 b5 23. b4 f5 24. Nb3 f4 25. Nf1 Rec8 26. Nc5 Nf6 27. Nd2 Be8 28. Nf3
Nh5 29. Nxe5 Kf6 30. Ng4+ Kg5 31. Kh2 Ng7 32. Na6 Ne6 33. g3 h5 34. Ne5 Kh6 35.
Nc5 fxg3+ 36. fxg3 Ng5 37. h4 Nf7 38. Nf3 Rd8 39. Re1 g5 40. hxg5+ Nxg5 0-1

[Event "14. Lichtenberger Sommer"]
[Site "14. Lichtenberger Sommer"]
[Date "2015.08.21"]
[Round "7.102"]
[White "Hüls, Maximilian"]
[Black "Ho, Ngoc Hai-Dang"]
[Result "1-0"]
[WhiteElo "1552"]
[BlackElo "1264"]
[PlyCount "53"]
[EventDate "2015.??.??"]
[WhiteTeam "SV Mattnetz Berlin"]
[BlackTeam "Schachunion Berlin"]

1. e4 e5 2. Nf3 Nc6 3. d4 exd4 4. Nxd4 Bc5 5. Be3 Qf6 6. Nb5 Bd6 7. Nxd6+ cxd6
8. Nc3 Nge7 9. Nb5 Kd8 10. Qxd6 Qxd6 11. Nxd6 Rf8 12. Bc4 f6 13. O-O-O Ne5 14.
Bb3 b6 15. h3 f5 16. f4 N5g6 17. e5 Ba6 18. e6 dxe6 19. Bxe6 Kc7 20. g3 Rad8
21. Nf7 Rxd1+ 22. Rxd1 Be2 23. Rd7+ Kb8 24. Bd4 Nc6 25. Bxg7 Re8 26. Bd5 Nb4
27. Rb7+ 1-0

[Event "14. Lichtenberger Sommer"]
[Site "14. Lichtenberger Sommer"]
[Date "2015.08.21"]
[Round "7.103"]
[White "Fischer, Maxi"]
[Black "Fock, Sana"]
[Result "1/2-1/2"]
[WhiteElo "1665"]
[BlackElo "1532"]
[PlyCount "82"]
[EventDate "2015.??.??"]
[WhiteTeam "SV Empor Berlin e.V."]
[BlackTeam "SK International Berlin"]

1. e4 d5 2. exd5 Qxd5 3. Nc3 Qd6 4. d4 Nf6 5. Nf3 Bg4 6. Be2 e6 7. Bg5 c6 8.
Bh4 Qc7 9. Bg3 Bd6 10. Bxd6 Qxd6 11. Qd2 Nbd7 12. O-O-O Bxf3 13. Bxf3 Nb6 14.
Qg5 h6 15. Qe5 O-O-O 16. Rhe1 Nc4 17. Qxd6 Rxd6 18. Ne2 e5 19. dxe5 Rxd1+ 20.
Rxd1 Nxe5 21. Ng1 Rd8 22. h3 Nxf3 23. Nxf3 Rxd1+ 24. Kxd1 Ne4 25. Ke2 Kd7 26.
Nd4 Nd6 27. b4 b6 28. Nb3 Ne4 29. a3 Nc3+ 30. Kd3 Na4 31. c4 a6 32. Kd4 b5 33.
cxb5 axb5 34. f4 g5 35. f5 f6 36. Nd2 h5 37. Ne4 Ke7 38. Nc5 Nb6 39. Ne6 Na4
40. Ng7 h4 41. Ne6 Kd6 1/2-1/2

[Event "14. Lichtenberger Sommer"]
[Site "14. Lichtenberger Sommer"]
[Date "2015.08.21"]
[Round "7.104"]
[White "Sia, Davin"]
[Black "Eichstädt, Torsten"]
[Result "1-0"]
[WhiteElo "1511"]
[BlackElo "1302"]
[PlyCount "63"]
[EventDate "2015.??.??"]
[WhiteTeam "Lasker Steglitz-Wilmersdorf"]
[BlackTeam "SC Friesen Lichtenberg"]

1. e4 c6 2. d4 d5 3. Nc3 dxe4 4. Nxe4 Bf5 5. Ng3 Bg6 6. Nf3 Nd7 7. Bd3 Bxd3 8.
Qxd3 e6 9. O-O h6 10. Be3 Ngf6 11. a3 Qc7 12. c4 c5 13. Ne4 Ng4 14. h3 Nxe3 15.
fxe3 f5 16. Nc3 g5 17. d5 Ne5 18. Nxe5 Qxe5 19. Rad1 Bd6 20. Rf2 Qh2+ 21. Kf1
Bg3 22. dxe6 O-O 23. Qd5 Rad8 24. e7+ Rxd5 25. Nxd5 Bd6 26. Nf6+ Kg7 27. Rxd6
Qxd6 28. e8=N+ Kf7 29. Nxd6+ Kxf6 30. Rxf5+ Ke7 31. Rxf8 Kxf8 32. Nxb7 1-0

[Event "14. Lichtenberger Sommer"]
[Site "14. Lichtenberger Sommer"]
[Date "2015.08.21"]
[Round "7.105"]
[White "Fock, Amina"]
[Black "Vural, Argun"]
[Result "0-1"]
[WhiteElo "1621"]
[BlackElo "1567"]
[PlyCount "98"]
[EventDate "2015.??.??"]
[WhiteTeam "SK International Berlin"]
[BlackTeam "SF Friedrichshagen"]

1. e4 Nc6 2. d4 d5 3. exd5 Qxd5 4. Nf3 Bg4 5. Be3 O-O-O 6. Be2 e5 7. Nc3 Bb4 8.
O-O Qd7 9. Nxe5 Bxe2 10. Qxe2 Nxe5 11. dxe5 Bxc3 12. bxc3 b6 13. Qf3 Kb8 14.
Rad1 Qe7 15. Bg5 Qxg5 16. Qxf7 Nh6 17. Qf3 Qxe5 18. h3 Rhf8 19. Rxd8+ Rxd8 20.
Rd1 Rxd1+ 21. Qxd1 Qxc3 22. Qd8+ Kb7 23. Qh8 Qe1+ 24. Kh2 Qxf2 25. Qxg7 Nf5 26.
Qe5 Nd4 27. Qe4+ Ka6 28. Qd3+ b5 29. a4 c6 30. c3 Ne2 31. axb5+ Kb6 32. Qd6
Kxb5 33. Qb8+ Kc4 34. Qb4+ Kd3 35. Qb1+ Ke3 36. Qa1 Qg1+ 37. Qxg1+ Nxg1 38.
Kxg1 a5 39. g4 a4 40. h4 Kf3 41. g5 Kg4 42. Kf2 a3 43. Ke3 a2 44. Kd4 a1=Q 45.
Kc4 Kxh4 46. Kb4 Kxg5 47. c4 Qa6 48. Kc3 h5 49. Kd4 h4 0-1

[Event "14. Lichtenberger Sommer"]
[Site "14. Lichtenberger Sommer"]
[Date "2015.08.21"]
[Round "7.107"]
[White "Hömke, Holger"]
[Black "Straßburg, Robin"]
[Result "0-1"]
[WhiteElo "1568"]
[BlackElo "1105"]
[PlyCount "78"]
[EventDate "2015.??.??"]
[WhiteTeam "SK Zehlendorf"]
[BlackTeam "SC Eintracht Berlin e.V."]

1. c4 e5 2. Nc3 Nc6 3. g3 g6 4. Bg2 Bg7 5. Nf3 Nge7 6. O-O O-O 7. Rb1 a5 8. d3
d6 9. Bg5 h6 10. Bd2 Be6 11. a3 Qd7 12. e3 Bh3 13. Nb5 Bxg2 14. Kxg2 Kh7 15. e4
f5 16. Nc3 f4 17. Nd5 Rf7 18. b4 axb4 19. axb4 b6 20. Qe2 g5 21. Bc3 g4 22. Kg1
gxf3 23. Qxf3 Nxd5 24. exd5 Nd8 25. g4 Bf6 26. Qe4+ Kg8 27. Kh1 Rg7 28. f3 Nf7
29. Ra1 Rxa1 30. Rxa1 Ng5 31. Ra8+ Kf7 32. Qe2 c6 33. Qa2 Kg6 34. Kg2 Kh7 35.
h4 Nxf3 36. Kxf3 Qxg4+ 37. Ke4 f3+ 38. Ke3 Qf4+ 39. Kf2 Rg2+ 0-1

[Event "14. Lichtenberger Sommer"]
[Site "14. Lichtenberger Sommer"]
[Date "2015.08.21"]
[Round "7.108"]
[White "Jiranek, Benno"]
[Black "Radloff, Rainer"]
[Result "0-1"]
[WhiteElo "1454"]
[BlackElo "1667"]
[PlyCount "110"]
[EventDate "2015.??.??"]
[WhiteTeam "SC Kreuzberg"]
[BlackTeam "SC Weisse Dame e.V."]

1. d4 d5 2. c4 dxc4 3. e3 Be6 4. Qa4+ Qd7 5. Qxd7+ Nxd7 6. Nc3 c6 7. a4 a5 8.
e4 Nb6 9. Bf4 Rc8 10. Rd1 Nf6 11. h3 Na8 12. d5 cxd5 13. exd5 Bf5 14. Nf3 Ne4
15. Ne5 Nxc3 16. bxc3 Bc2 17. Ra1 Bb3 18. Be2 Nb6 19. Bf3 Nxa4 20. Bd2 f6 21.
Ng4 g6 22. O-O Bg7 23. Rfe1 Rd8 24. Re6 Nc5 25. Re2 f5 26. Nh2 Ne4 27. Bxe4
fxe4 28. Rxa5 Bc2 29. f3 exf3 30. Nxf3 h6 31. Ne1 Bb3 32. Nf3 Rf8 33. Ne5 Rf6
34. Ng4 Rfd6 35. Ne3 Kf8 36. Ra1 Kg8 37. Rf1 e6 38. Ref2 exd5 39. Ng4 d4 40.
Bxh6 R6d7 41. Nf6+ Bxf6 42. Rxf6 Kh7 43. Bg5 Re8 44. cxd4 b5 45. R1f4 c3 46.
Rh4+ Kg7 47. Rh6 Bc2 48. Rf4 Rh8 49. Rxh8 Kxh8 50. Bf6+ Kg8 51. Rf2 Bd3 52. Ra2
Rb7 53. Bg5 b4 54. Kf2 b3 55. Ra3 b2 0-1

[Event "14. Lichtenberger Sommer"]
[Site "14. Lichtenberger Sommer"]
[Date "2015.08.21"]
[Round "7.109"]
[White "Lange, Johannes Friedrich"]
[Black "Wilke, Hans-Peter"]
[Result "1-0"]
[WhiteElo "1506"]
[BlackElo "1655"]
[PlyCount "59"]
[EventDate "2015.??.??"]
[WhiteTeam "Schachunion Berlin"]
[BlackTeam "Läufer Reinickendorf"]

1. d4 Nf6 2. c4 g6 3. Nc3 d5 4. cxd5 Nxd5 5. e4 Nxc3 6. bxc3 c5 7. Nf3 Bg7 8.
Be3 Nc6 9. Bb5 Bd7 10. O-O cxd4 11. cxd4 a6 12. Ba4 b5 13. Bb3 O-O 14. Rc1 Rc8
15. h3 Na5 16. Bc2 Nc4 17. Bg5 h6 18. Bh4 Re8 19. Bb3 Nd6 20. Qd3 Kf8 21. Rfd1
Qb6 22. Ne5 Qa7 23. Bg3 Rxc1 24. Rxc1 Bxe5 25. Bxe5 Qb6 26. Qe3 g5 27. Qf3 Rc8
28. Rxc8+ Bxc8 29. Bxd6 f6 30. Qh5 1-0

[Event "14. Lichtenberger Sommer"]
[Site "14. Lichtenberger Sommer"]
[Date "2015.08.21"]
[Round "7.110"]
[White "Franke, Philipp"]
[Black "Pathasart, Somchay"]
[Result "0-1"]
[WhiteElo "1206"]
[BlackElo "1375"]
[PlyCount "60"]
[EventDate "2015.??.??"]
[WhiteTeam "SC Weisse Dame (Berlin)"]
[BlackTeam "vereinslos"]

1. d4 d5 2. c4 dxc4 3. e3 Nf6 4. Nc3 b6 5. Bxc4 e6 6. Qf3 c6 7. Bb5 Bd7 8. Bd3
Be7 9. Nge2 a6 10. a4 Qc7 11. O-O Ra7 12. e4 c5 13. Bf4 Qc8 14. Rac1 c4 15.
Bxb8 cxd3 16. Bxa7 dxe2 17. Qxe2 Qb7 18. Bxb6 Qxb6 19. Rfd1 O-O 20. Qc2 Rc8 21.
Rd3 Qb7 22. e5 Nd5 23. Rh3 h6 24. Qe4 Bg5 25. Rb1 Bc6 26. Qc2 Nf4 27. Rg3 Bxg2
28. Qd1 Nh3+ 29. Rxh3 Bxh3 30. f3 Be3+ 0-1

[Event "14. Lichtenberger Sommer"]
[Site "14. Lichtenberger Sommer"]
[Date "2015.08.21"]
[Round "7.111"]
[White "Allaart, Janne"]
[Black "Wahner, Eberhard"]
[Result "1/2-1/2"]
[WhiteElo "1454"]
[BlackElo "1350"]
[PlyCount "81"]
[EventDate "2015.??.??"]
[WhiteTeam "HMC Den Bosch"]
[BlackTeam "SC Eintracht Berlin e.V."]

1. e4 e6 2. d4 d5 3. exd5 exd5 4. Nc3 Nf6 5. Nf3 Bg4 6. Be2 c6 7. O-O Bd6 8. h3
Bh5 9. Re1 O-O 10. Bg5 Nbd7 11. Kh1 h6 12. Bh4 Re8 13. Nh2 Bg6 14. Qd2 Qc7 15.
Nf3 Re6 16. Bd3 Ne4 17. Bxe4 dxe4 18. Ng1 Rae8 19. Nge2 Nf6 20. Bg3 e3 21. Qd1
exf2 22. Bxf2 Bh5 23. Qd3 Ne4 24. Nxe4 Rxe4 25. Ng3 Rxe1+ 26. Rxe1 Rxe1+ 27.
Bxe1 Bg6 28. Qc3 f6 29. Qc4+ Bf7 30. Qd3 g6 31. Ne4 Be7 32. a3 Kg7 33. Bd2 g5
34. Nc3 Bg6 35. Ne4 Bd8 36. Qf3 Qe7 37. Ng3 Qd7 38. Nh5+ Bxh5 39. Qxh5 Qxd4 40.
Bc3 Qf2 41. Qd1 1/2-1/2

[Event "14. Lichtenberger Sommer"]
[Site "14. Lichtenberger Sommer"]
[Date "2015.08.21"]
[Round "7.112"]
[White "Dittrich, Hans-Juergen"]
[Black "Sauer, Jakob"]
[Result "1-0"]
[WhiteElo "1401"]
[BlackElo "1404"]
[PlyCount "55"]
[EventDate "2015.??.??"]
[WhiteTeam "vereinslos"]
[BlackTeam "Schachunion Berlin"]

1. c4 e5 2. g3 Nc6 3. Bg2 Nf6 4. d3 Be7 5. Nf3 d6 6. Nc3 O-O 7. O-O h6 8. Re1
Bg4 9. a3 Qd7 10. Kh1 Bh3 11. Ng1 Bxg2+ 12. Kxg2 Nd4 13. e4 Ng4 14. Nf3 Nxf3
15. Qxf3 f5 16. h3 fxe4 17. Qxg4 Qxg4 18. hxg4 exd3 19. Re3 Bg5 20. Rxd3 Bxc1
21. Rxc1 Rf7 22. Rf1 Raf8 23. Rd2 Rf3 24. Nb5 R3f7 25. Nxa7 c6 26. Rxd6 Ra8 27.
Nxc6 bxc6 28. Re6 1-0

[Event "14. Lichtenberger Sommer"]
[Site "14. Lichtenberger Sommer"]
[Date "2015.08.21"]
[Round "7.113"]
[White "Hamm, Oliver"]
[Black "Kaufmann, Matthias"]
[Result "1/2-1/2"]
[WhiteElo "1413"]
[BlackElo "1541"]
[PlyCount "83"]
[EventDate "2015.??.??"]
[WhiteTeam "SC Eintracht Berlin e.V."]
[BlackTeam "vereinslos"]

1. d4 d5 2. Nf3 Nf6 3. e3 e6 4. b3 c5 5. Bb2 cxd4 6. exd4 Be7 7. Bd3 O-O 8. O-O
b6 9. Nbd2 Ba6 10. Bxa6 Nxa6 11. Ne5 Rc8 12. c4 dxc4 13. Ndxc4 Nd5 14. Qe2 Nf4
15. Qf3 Nd5 16. Qe2 Nb8 17. Rfe1 Bb4 18. Rec1 Qg5 19. Qg4 Qh6 20. Nf3 Rc7 21.
Qg5 Qxg5 22. Nxg5 Rfc8 23. Rd1 b5 24. Ne3 Nxe3 25. fxe3 Rc2 26. Rac1 R8c6 27.
Rxc2 Rxc2 28. Rc1 Rxc1+ 29. Bxc1 Nc6 30. Kf2 Be7 31. Ne4 Nb4 32. Ke2 Nxa2 33.
Nc5 Bxc5 34. dxc5 Nb4 35. Bd2 Nc6 36. b4 g6 37. e4 f5 38. Ke3 g5 39. g3 h5 40.
Kf3 fxe4+ 41. Kxe4 g4 42. Kf4 1/2-1/2

[Event "14. Lichtenberger Sommer"]
[Site "14. Lichtenberger Sommer"]
[Date "2015.08.21"]
[Round "7.114"]
[White "Cravet, Alexandra"]
[Black "Raasch, Hauke"]
[Result "0-1"]
[WhiteElo "750"]
[BlackElo "1211"]
[PlyCount "104"]
[EventDate "2015.??.??"]
[WhiteTeam "SC Friesen Lichtenberg"]
[BlackTeam "SC Eintracht Berlin e.V."]

1. b3 d5 2. Bb2 Nd7 3. e3 Ngf6 4. Bd3 e6 5. Ne2 Bd6 6. Nbc3 c6 7. O-O O-O 8.
Nd4 e5 9. Nde2 e4 10. Nxe4 Nxe4 11. f3 Nef6 12. Nd4 h6 13. Nf5 Ne5 14. f4 Nxd3
15. cxd3 Bxf5 16. Qc2 Re8 17. Rae1 Bc7 18. Qc3 Bb6 19. Rf3 d4 20. Qc2 dxe3 21.
dxe3 Qxd3 22. Qe2 Qxe2 23. Rxe2 Nd5 24. Bc1 Bg4 25. Kf2 Bxf3 26. Kxf3 Re7 27.
e4 Nf6 28. Bb2 Re6 29. f5 Rd6 30. e5 Rd3+ 31. Kf4 Nd5+ 32. Ke4 Re3+ 33. Rxe3
Bxe3 34. f6 g6 35. h4 Bb6 36. Bd4 Bxd4 37. Kxd4 Rd8 38. Ke4 Nc3+ 39. Kf4 Nxa2
40. g4 Nc3 41. h5 g5+ 42. Ke3 Nd5+ 43. Ke4 Nf4 44. e6 Nxe6 45. b4 Rd4+ 46. Ke5
c5 47. b5 c4 48. b6 a6 49. Kf5 c3 50. Ke5 c2 51. Kf5 c1=Q 52. Ke5 Qf4# 0-1

[Event "14. Lichtenberger Sommer"]
[Site "14. Lichtenberger Sommer"]
[Date "2015.08.21"]
[Round "7.115"]
[White "Semenishchev, Vladimir"]
[Black "Scholz, Felix"]
[Result "0-1"]
[WhiteElo "750"]
[BlackElo "1100"]
[PlyCount "130"]
[EventDate "2015.??.??"]
[WhiteTeam "SC Friesen Lichtenberg"]
[BlackTeam "vereinslos"]

1. e4 e6 2. Nf3 d5 3. Nc3 dxe4 4. Nxe4 Nc6 5. Bc4 Nge7 6. O-O Nf5 7. d3 Be7 8.
Bb5 Bd7 9. Bg5 Bxg5 10. Nfxg5 h6 11. Bxc6 Bxc6 12. Nf3 O-O 13. Ne5 Qe8 14. Nxc6
Qxc6 15. h3 Rad8 16. c4 b6 17. Qf3 Qd7 18. c5 Qxd3 19. Qxd3 Rxd3 20. c6 Ne7 21.
Rac1 f5 22. Nc3 Nxc6 23. Rfe1 Re8 24. Nb5 Nb4 25. Nxa7 Rd7 26. a3 Nd3 27. Red1
Red8 28. Rc2 Nc5 29. Rxd7 Rxd7 30. Nb5 e5 31. b4 Ne6 32. Re2 e4 33. f3 Nf4 34.
Re3 Rd3 35. Rxd3 exd3 36. Nc3 Kf7 37. Kf2 Ke6 38. Ke3 Nxg2+ 39. Kxd3 Nf4+ 40.
Ke3 Nxh3 41. Nb5 Kd7 42. Kd4 Kc6 43. Kc4 h5 44. a4 Nf4 45. a5 Kb7 46. Nxc7 bxa5
47. bxa5 Kxc7 48. Kb5 Kb7 49. a6+ Ka7 50. Ka5 h4 51. Kb5 h3 52. Ka5 h2 53. Kb5
h1=Q 54. Ka5 Qxf3 55. Kb5 Qd5+ 56. Ka4 Kxa6 57. Kb4 Qc6 58. Kb3 Qc5 59. Ka4
Qb5+ 60. Ka3 Kb6 61. Ka2 Qb4 62. Ka1 Kc5 63. Ka2 Kc4 64. Ka1 Kc3 65. Ka2 Qb2#
0-1

[Event "14. Lichtenberger Sommer"]
[Site "14. Lichtenberger Sommer"]
[Date "2015.08.21"]
[Round "7.116"]
[White "Ziegel, Mandy Marie"]
[Black "Janse, Circe"]
[Result "0-1"]
[WhiteElo "1582"]
[BlackElo "850"]
[PlyCount "96"]
[EventDate "2015.??.??"]
[WhiteTeam "SC Zugzwang 95 (Berlin)"]
[BlackTeam "SSV Klim-Op"]

1. d4 d5 2. c4 e5 3. dxe5 d4 4. Nf3 Nc6 5. g3 Bb4+ 6. Nbd2 Bg4 7. Bg2 d3 8. O-O
Nge7 9. b3 Bc3 10. Rb1 Qc8 11. exd3 Nxe5 12. Re1 Nxd3 13. Re3 Nxc1 14. Qxc1 Bf6
15. Ne4 Qf5 16. Nfd2 Bd4 17. Re1 O-O-O 18. b4 h5 19. Nb3 h4 20. Nxd4 Rxd4 21.
Nc5 Nc6 22. Re3 Rd1+ 23. Qxd1 Bxd1 24. Rxd1 Rd8 25. Rde1 h3 26. Bxc6 bxc6 27.
f3 Qc2 28. R1e2 Qb1+ 29. Kf2 Qxb4 30. Ne4 f5 31. Ng5 Rd2 32. Nxh3 Rxe2+ 33.
Rxe2 Qc5+ 34. Re3 Qxc4 35. Re2 Qd4+ 36. Kg2 Qd1 37. Kf2 c5 38. Nf4 c4 39. h4 c3
40. Re1 c2 41. Ne2 Qd2 42. h5 Qd1 43. g4 fxg4 44. fxg4 Qb1 45. g5 Qxa2 46. h6
Qf7+ 47. Ke3 Qe6+ 48. Kd2 gxh6 0-1

[Event "14. Lichtenberger Sommer"]
[Site "14. Lichtenberger Sommer"]
[Date "2015.08.21"]
[Round "7.117"]
[White "Kriuckova, Sonia"]
[Black "Lieger, Lucas"]
[Result "1/2-1/2"]
[WhiteElo "1256"]
[BlackElo "851"]
[PlyCount "140"]
[EventDate "2015.??.??"]
[WhiteTeam "SV Empor Berlin"]
[BlackTeam "SC Eintracht Berlin e.V."]

1. e4 d5 2. exd5 Qxd5 3. Nc3 Qa5 4. d4 c6 5. Bd2 Qc7 6. Bc4 Bf5 7. Qf3 e6 8.
Bd3 Bxd3 9. Qxd3 Bd6 10. Nge2 Nf6 11. h3 Nbd7 12. O-O-O Qb6 13. Na4 Qc7 14. Qb3
Nd5 15. Nec3 N7f6 16. Nc5 Bxc5 17. dxc5 O-O 18. Nxd5 Nxd5 19. Bc3 b5 20. cxb6
Qxb6 21. Qxb6 axb6 22. Rd3 Rxa2 23. Rhd1 Ra1+ 24. Kd2 Rxd1+ 25. Kxd1 h6 26. Be5
Ra8 27. c4 Nb4 28. Rb3 Ra1+ 29. Ke2 c5 30. Bc3 Ra4 31. Bxb4 Rxb4 32. Rxb4 cxb4
33. Kd2 Kf8 34. Kc2 Ke7 35. Kb3 Kd6 36. Kxb4 Kc6 37. f4 g5 38. fxg5 hxg5 39.
Kc3 f5 40. b4 e5 41. Kd3 Kd6 42. Ke3 Kc6 43. Kf3 Kd6 44. g3 e4+ 45. Ke3 Ke5 46.
c5 f4+ 47. gxf4+ gxf4+ 48. Ke2 bxc5 49. bxc5 Kd5 50. h4 Kd4 51. c6 f3+ 52. Kf2
e3+ 53. Kxf3 Kd3 54. c7 e2 55. c8=Q e1=Q 56. Qg4 Qf1+ 57. Kg3 Qe1+ 58. Kf4 Qe4+
59. Kg5 Qe7+ 60. Kh6 Qf8+ 61. Qg7 Qf4+ 62. Qg5 Qf8+ 63. Kh5 Qf3+ 64. Qg4 Qd5+
65. Qg5 Qf3+ 66. Kh6 Qf8+ 67. Kh5 Qf3+ 68. Qg4 Qd5+ 69. Qg5 Qf3+ 70. Qg4 Qd5+
1/2-1/2

[Event "14. Lichtenberger Sommer"]
[Site "14. Lichtenberger Sommer"]
[Date "2015.08.21"]
[Round "7.119"]
[White "Toth, Hans-Jürgen"]
[Black "Grothe, Michael"]
[Result "1-0"]
[WhiteElo "1571"]
[BlackElo "1220"]
[PlyCount "119"]
[EventDate "2015.??.??"]
[WhiteTeam "SF Zehdenick"]
[BlackTeam "vereinslos"]

1. f4 d6 2. Nf3 Nc6 3. b3 e5 4. e3 exf4 5. exf4 Nf6 6. Bb2 Be7 7. Bb5 Bd7 8.
O-O a6 9. Bd3 O-O 10. a3 Bg4 11. Nc3 Nd4 12. Be2 Nxe2+ 13. Qxe2 Re8 14. Rfe1 c6
15. h3 Bh5 16. g4 Nxg4 17. hxg4 Bxg4 18. Qg2 h5 19. Ne4 f6 20. Nf2 Bf5 21. d3
d5 22. Nh4 Qd7 23. Re2 Kf7 24. Rae1 g6 25. Nd1 Bg4 26. Ne3 f5 27. Nf3 Bxf3 28.
Qxf3 Bf6 29. Bxf6 Kxf6 30. Qg3 Kf7 31. Ng2 Rxe2 32. Rxe2 Re8 33. Re5 Rxe5 34.
fxe5 Kg7 35. Nf4 Qe8 36. Nxh5+ Kh6 37. Nf6 Qf7 38. Qh4+ Kg7 39. Qh7+ Kf8 40.
Qxf7+ Kxf7 41. Kg2 Ke6 42. d4 b6 43. Kf3 g5 44. Nh5 Kf7 45. Ng3 Ke6 46. Ne2 Kf7
47. b4 b5 48. Nc1 Ke6 49. Nd3 Kd7 50. Nc5+ Ke7 51. Nxa6 Kd7 52. Nc5+ Ke7 53.
Nb7 Kd7 54. Nd6 Ke6 55. c3 f4 56. Kg4 Ke7 57. Nb7 Kd7 58. Nc5+ Ke7 59. Kxg5 f3
60. Nd3 1-0

[Event "14. Lichtenberger Sommer"]
[Site "14. Lichtenberger Sommer"]
[Date "2015.08.22"]
[Round "8.21"]
[White "Postler, Reinhard"]
[Black "Wirth, Heinz"]
[Result "1-0"]
[WhiteElo "2214"]
[BlackElo "2021"]
[PlyCount "61"]
[EventDate "2015.??.??"]
[WhiteTeam "TSG Oberschöneweide"]
[BlackTeam "SC Weisse Dame (Berlin)"]

1. e4 c5 2. Nf3 e6 3. d4 cxd4 4. Nxd4 a6 5. Bd3 Nf6 6. Nc3 Qc7 7. O-O Nc6 8.
Be3 Bd6 9. h3 Bf4 10. Bxf4 Qxf4 11. Nxc6 dxc6 12. Qe2 e5 13. a4 a5 14. Bc4 O-O
15. Rfd1 Qh4 16. Qf3 Nd7 17. Ne2 Nc5 18. Ng3 g6 19. Qe3 Ne6 20. Bxe6 Bxe6 21.
Qc5 Qf6 22. Rd3 Rfe8 23. Rad1 Red8 24. Rxd8+ Rxd8 25. Rxd8+ Qxd8 26. Qxe5 Qd1+
27. Kh2 Qxc2 28. f4 Qxa4 29. f5 Ba2 30. Nh5 Kf8 31. Qd6+ 1-0

[Event "14. Lichtenberger Sommer"]
[Site "14. Lichtenberger Sommer"]
[Date "2015.08.22"]
[Round "8.22"]
[White "Schmidt, Jürgen"]
[Black "De Sallier, Francois"]
[Result "1/2-1/2"]
[WhiteElo "1936"]
[BlackElo "2131"]
[PlyCount "56"]
[EventDate "2015.??.??"]
[WhiteTeam "SC Kreuzberg"]
[BlackTeam "Club du Canal St-Martin Paris"]

1. e4 c5 2. Nf3 g6 3. d4 cxd4 4. Nxd4 Bg7 5. Nc3 Nc6 6. Be3 Nf6 7. Bc4 O-O 8.
Bb3 a5 9. a4 Ng4 10. Nxc6 Nxe3 11. Nxd8 Nxd1 12. Rxd1 Bxc3+ 13. bxc3 Rxd8 14.
h4 Kg7 15. h5 b6 16. hxg6 hxg6 17. Rd3 d6 18. Rf3 e6 19. Rfh3 Bb7 20. Rh7+ Kf6
21. f3 Rac8 22. Kd2 Rc7 23. R1h4 e5 24. Rxf7+ Rxf7 25. Bxf7 d5 26. Bxd5 Bxd5
27. exd5 Rxd5+ 28. Ke2 Rc5 1/2-1/2

[Event "14. Lichtenberger Sommer"]
[Site "14. Lichtenberger Sommer"]
[Date "2015.08.22"]
[Round "8.23"]
[White "Dimitrijeski, Kristian"]
[Black "Federau, Jürgen"]
[Result "1-0"]
[WhiteElo "2158"]
[BlackElo "2121"]
[PlyCount "41"]
[EventDate "2015.??.??"]
[WhiteTeam "SK König Tegel"]
[BlackTeam "SC Kreuzberg e.V."]

1. d4 Nf6 2. c4 e6 3. Nc3 Bb4 4. Qc2 O-O 5. Nf3 b6 6. e4 Bb7 7. Bd3 d5 8. cxd5
exd5 9. e5 Ne4 10. O-O f5 11. exf6 Nxf6 12. Ng5 Re8 13. Bxh7+ Kf8 14. Bg6 Re7
15. Qf5 Kg8 16. Bh7+ Kf8 17. Bg6 Kg8 18. Nh7 Nbd7 19. Bg5 Bxc3 20. bxc3 Bc8 21.
Bxf6 1-0